Dictionary of the ancient Near East (Record no. 11352)
[ view plain ]
| 000 -LEADER | |
|---|---|
| fixed length control field | 00465 a2200133 4500 |
| 020 ## - INTERNATIONAL STANDARD BOOK NUMBER | |
| International Standard Book Number | 0812235576 (alk. pap |
| 005 - DATE AND TIME OF LATEST TRANSACTION | |
| control field | 20191017174233.0 |
| 084 ## - OTHER CLASSIFICATION NUMBER | |
| Classification number | DS56 .D5 2000 |
| 245 ## - TITLE STATEMENT | |
| Title | Dictionary of the ancient Near East |
| Medium | |
| 260 ## - PUBLICATION, DISTRIBUTION, ETC. | |
| Place of publication, distribution, etc. | pau |
| Name of publisher, distributor, etc. | University of Pennsylvania Press |
| Date of publication, distribution, etc. | 2000 |
| 300 ## - PHYSICAL DESCRIPTION | |
| Extent | x, 342 p. : ill., maps |
| Other physical details | 26 cm. |
| Dimensions | x, 342 p. : ill., maps ; 26 cm. |
| 500 ## - GENERAL NOTE | |
| General note | edited by Piotr Bienkowski and Alan Millard. |
| 700 ## - ADDED ENTRY--PERSONAL NAME | |
| Personal name | Bienkowski, Piotr. |
| 700 ## - ADDED ENTRY--PERSONAL NAME | |
| Personal name | Millard, A. R. (Alan Ralph) |
No items available.